000 00652cam a2200145 4500500
005 20260208010124.0
041 _afre
042 _adc
100 1 0 _aFougère, Marie-Ange
_eauthor
245 0 0 _a Lettres d’Émile Souvestre à Édouard Turquéty . Édition établie, présentée et annotée par DAVID STEEL. Rennes, Presses universitaires de Rennes, 2012. Un vol. de 183 p.
260 _c2013.
500 _a60
786 0 _nRevue d'histoire littéraire de la France | 113 | 2 | 2013-05-28 | p. 439q-502q | 0035-2411
856 4 1 _uhttps://shs.cairn.info/revue-d-histoire-litteraire-de-la-france-2013-2-page-439q?lang=fr&redirect-ssocas=7080
999 _c1655219
_d1655219